000 00680nam a2200217 a 4500
001 30110
003 BD-RjUL
005 20211209051520.0
008 140409s19501852 uk 000 0 eng d
029 _a1852
035 _a(BD-RjUL)30195
040 _aTWU
_cTWU
_dm.c
_dBD-RjUL
_beng
041 _aeng
082 _a823
_bESH 1950
100 1 _aEsmond, Henry
_991551
245 1 4 _aThe history of Henry Esmond, esq :
_ba colonel in the service of Her Majesty Q. Anne. Written by himself /
_cW. M. Thackeray
260 _aLondon :
_bSmith Elder,
_c1852 [Reprinted 1950]
300 _axvii , 519 p. :
_c19 cm
700 _aThackeray, William Makepeace,
_991552
942 _2ddc
_cBK
999 _c30110
_d30110